Statistics for Groups of Animals Quiz

Click here to take the quiz!

General Stats

  • This quiz has been taken 19 times
  • The average score is 3 of 16

Answer Stats

AnimalGroup Name% Correct
FishSchool
93%
CrowsMurder
86%
OwlsParliament
50%
GorillasBand
14%
UnicornsBlessing
7%
RavensUnkindness
7%
RhinocerosesCrash
7%
FerretsBusiness
7%
HyenasCackle
7%
FrogsArmy
7%
EaglesConvocation
0%
ElephantsParade
0%
LemursConspiracy
0%
FalconsCast
0%
DonkeysDrove
0%
ToadsKnot
0%

Score Distribution

Percentile by Number Answered

Percent of People with Each Score

Your Score History

You have not taken this quiz